Doble desafío: reformar los sistemas de pensiones para expandir la cobertura

Zapisane w:
Opis bibliograficzny
Format: Texto
Hasła przedmiotowe:
Etykiety: Dodaj etykietę
Nie ma etykietki, Dołącz pierwszą etykiete!

MARC

LEADER 00000 a a2200000 04500
001 10273
003
040
245 |a Doble desafío:   |b reformar los sistemas de pensiones para expandir la cobertura  
650 |a PENSIONES DE JUBILACION  
650 |a CAMBIOS DEMOGRAFICOS  
650 |a AMERICA LATINA  
650 |a POBREZA  
650 |a PENSIONES DE JUBILACION  
773 |g número 45; páginas 5-6  
999 |c 22197  |d 22197